On weed competition and population dynamics : considerations for crop rotations and organic farming (Record no. 32164)

MARC details
000 -LEADER
fixed length control field 01204 a2200361 4500
041 ## - CODE DE LANGUE
Language code of summary or abstract/overprinted title or subtitle En
040 ## - SOURCE DU CATALOGAGE
Original cataloging agency Support
041 ## - CODE DE LANGUE
Language code of summary or abstract/overprinted title or subtitle En
020 ## - NUMERO INTERNATIONAL NORMALISE DES LIVRES
International Standard Book Number 90-5808-723-9
100 ## - VEDETTE PRINCIPALE - NOM DE PERSONNE
Personal name MERTENS? sHANA k;
130 ## - VEDETTE PRINCIPALE - TITRE UNIFORME
Language of a work En
100 ## - VEDETTE PRINCIPALE - NOM DE PERSONNE
Affiliation Abomey-Calavi, Université d'Abomey-Calavi, Faculté des Sciences Agronomiques, Bj
260 ## - PUBLICATION, DISTRIBUTION, ETC. (IMPRINT)
Place of publication, distribution, etc Wageningen
260 ## - PUBLICATION, DISTRIBUTION, ETC. (IMPRINT)
Name of publisher, distributor, etc Université de Wageningen
245 ## - TITLE STATEMENT
Title On weed competition and population dynamics : considerations for crop rotations and organic farming
260 ## - PUBLICATION, DISTRIBUTION, ETC. (IMPRINT)
Date of publication, distribution, etc 14 October 2002
300 ## - PHYSICAL DESCRIPTION
Extent 136 p.
300 ## - PHYSICAL DESCRIPTION
Other physical details Ill., Couv. ill. ; 24 cm
502 ## - DISSERTATION NOTE
Dissertation note Thèse de Doctorat
520 ## - SUMMARY, ETC.
Summary, etc Experiments, monitoring studies and modelling of weed population dynamics were carried out to investigate potential methods for reducing weed populations in farming systems...
653 1# - INDEX TERM--UNCONTROLLED
Uncontrolled term Agronomie
650 ## - SUBJECT ADDED ENTRY--TOPICAL TERM
Topical term or geographic name as entry element EVOLUTION DE LA POPULATION
650 ## - SUBJECT ADDED ENTRY--TOPICAL TERM
Topical term or geographic name as entry element POPULATION DYNAMICS
650 ## - SUBJECT ADDED ENTRY--TOPICAL TERM
Topical term or geographic name as entry element WEED COMPETITION
650 ## - SUBJECT ADDED ENTRY--TOPICAL TERM
Topical term or geographic name as entry element DYNAMIQUE DE LA POPULATION
650 ## - SUBJECT ADDED ENTRY--TOPICAL TERM
Topical term or geographic name as entry element AGRICULTURE BIOLOGIQUE
650 ## - SUBJECT ADDED ENTRY--TOPICAL TERM
Topical term or geographic name as entry element WEEDS
650 ## - SUBJECT ADDED ENTRY--TOPICAL TERM
Topical term or geographic name as entry element MAUVAISE HERBE
650 ## - SUBJECT ADDED ENTRY--TOPICAL TERM
Topical term or geographic name as entry element ROTATION CULTURALE
650 ## - SUBJECT ADDED ENTRY--TOPICAL TERM
Topical term or geographic name as entry element CROP ROTATION
710 ## - ADDED ENTRY--CORPORATE NAME
Corporate name or jurisdiction name as entry element wAGENINGEN uNIVERSITY
Holdings
Withdrawn status Lost status Damaged status Not for loan Location (home branch) Sublocation or collection (holding branch) Date acquired Koha issues (times borrowed) Koha full call number Koha date last seen Copy number Price effective from Koha item type Public note
        Bibliothèque-Centre de Documentation de la Faculté des Sciences Agronomiques Bibliothèque-Centre de Documentation de la Faculté des Sciences Agronomiques     T.ESAC.2002.026 28/02/2009 02 28/02/2009 Livre A.9141


© 2008, Bibliothèques de l'Université d'Abomey-Calavi

04 BP 789 Cotonou, Tél. : +229 21 36 01 01, Fax : +229 21 35 06 32

Courriel : bu@bu.uac.bj